000 01758nam a22004817a 4500
001 000096039
003 CHAP
005 20220329143138.0
008 060801d2006 mx r 00110 spa d
010 _a92505
011 _a93477
035 _a104051
040 _cCHAP
090 _aTesis
100 1 _aQuiñones Sánchez, Edith.
_993469
245 1 0 _aAnálisis de sequía meteorológica en la zona norte del estado de Durango, México /
_c/por Edith Quiñones Sánchez.
260 _aChapingo, Méx. :
_bEl autor,
_c2006.
300 _a73 h.
502 _aTesis (Ing. en Irrigación) - - UACH. Departamento de Irrigación
590 _aALEPH
_b10
_c20130110
_lUCH01
_h1513
590 _aBATCH-UPD
_b10
_c20130110
_lUCH01
_h0541
590 _aBATCH-UPD
_b10
_c20130110
_lUCH01
_h2327
590 _aBATCH-UPD
_b10
_c20130410
_lUCH01
_h0222
590 _aBATCH-UPD
_b10
_c20130914
_lUCH01
_h1937
590 _aBATCH-UPD
_b10
_c20140324
_lUCH01
_h1458
590 _aBATCH-UPD
_b10
_c20141002
_lUCH01
_h0831
590 _aCONVERSION
_b10
_c20130109
_lUCH01
_h1351
590 _aE5765TAJ
_b10
_c20130531
_lUCH01
_h1430
590 _aE5765TAJ
_b10
_c20130603
_lUCH01
_h1216
590 _aE5765TAJ
_b10
_c20130603
_lUCH01
_h1223
590 _aE5765TAJ
_b10
_c20130703
_lUCH01
_h1406
590 _aE5765TAJ
_b10
_c20130703
_lUCH01
_h1408
650 1 4 _aClima
_xDurango.
_923824
650 1 4 _aProcesamiento automático de datos en meteorología.
_991803
650 1 4 _aSequías.
_9104511
856 _3Finding aid
_uhttp://10.13.5.2/tesis/104051.pdf
_zTeclea aquí
901 _aBK
905 _aLilia
942 _cCD
942 _n0
949 _aTesis
_bBC
_cTES
_d00000001040511
_eTS1
_h108109
_i104051
_sb
949 _aTesis
_bBC
_cTES
_d33724000990446
_eTS2
_fc.2
_h108110
_i104051
_si
999 _c92505
_d92505